মুদ্রাতত্ত্ব ব্যাঙ্কিং ও আন্তর্জাতিক বাণিজ্য / (Record no. 47225)
[ view plain ]
| 000 -LEADER | |
|---|---|
| fixed length control field | 01116nam a2200253 a 4500 |
| 001 - CONTROL NUMBER | |
| control field | 47225 |
| 003 - CONTROL NUMBER IDENTIFIER | |
| rucl marc code | BD-RjUL |
| 005 - DATE AND TIME OF LATEST TRANSACTION | |
| control field | 20250826115001.0 |
| 008 - FIXED-LENGTH DATA ELEMENTS--GENERAL INFORMATION | |
| fixed length control field | 160807m19681978bg ||||| |||| 00| 0 ben d |
| 020 ## - INTERNATIONAL STANDARD BOOK NUMBER | |
| Terms of availability | : Tk.8.00 |
| 035 ## - SYSTEM CONTROL NUMBER | |
| System control number | (BD-RjUL)47344 |
| 040 ## - CATALOGING SOURCE | |
| Original cataloging agency | BD-RjUL |
| Language of cataloging | ben |
| Transcribing agency | BD-RjUL |
| Modifying agency | BD-RjUL |
| 041 ## - LANGUAGE CODE | |
| Language code of text/sound track or separate title | ben |
| 082 ## - DEWEY DECIMAL CLASSIFICATION NUMBER | |
| Edition number | 23 |
| Classification number | 332 |
| Author mark and year | ALM 1968 |
| 100 ## - MAIN ENTRY--PERSONAL NAME | |
| Personal name | আলমগীর, মহীউদ্দীন খান |
| 9 (RLIN) | 143784 |
| 245 10 - TITLE STATEMENT | |
| Title | মুদ্রাতত্ত্ব ব্যাঙ্কিং ও আন্তর্জাতিক বাণিজ্য / |
| Statement of responsibility, etc. | মহীউদ্দীন খান আলমগীর, এ.এইচ.এম. আবদুল হাই |
| 260 ## - PUBLICATION, DISTRIBUTION, ETC. (IMPRINT) | |
| Place of publication, distribution, etc. | ঢাকা : |
| Name of publisher, distributor, etc. | কেন্দ্রীয় বাঙলা উন্নয়ন-বোর্ড, |
| Date of publication, distribution, etc. | ১৯৬৮-১৯৭৮ |
| 300 ## - PHYSICAL DESCRIPTION | |
| Pagination | [বার], ৪০৮ পৃ. ; |
| Size | ২৫ সেমি. |
| 650 ## - SUBJECT ADDED ENTRY--TOPICAL TERM | |
| Topical term or geographic name as entry element | আর্থিক অর্থনীতি |
| 9 (RLIN) | 135247 |
| Topical term or geographic name as entry element | Finance. |
| 9 (RLIN) | 135248 |
| Topical term or geographic name as entry element | Economics. |
| 9 (RLIN) | 168305 |
| 700 ## - ADDED ENTRY--PERSONAL NAME | |
| Personal name | হাই, এ.এইচ.এম. আবদুল |
| 942 ## - ADDED ENTRY ELEMENTS (KOHA) | |
| Source of classification or shelving scheme | Dewey Decimal Classification |
| Koha item type | Books |
| Lost status | Source of classification or shelving scheme | Damaged status | Not for loan | Collection code | Permanent Location | Current Location | Shelving location | Date acquired | Source of acquisition | Cost, normal purchase price | Total Checkouts | Full call number | Date last seen | Copy number | Koha item type | Date checked out |
|---|---|---|---|---|---|---|---|---|---|---|---|---|---|---|---|---|
| Dewey Decimal Classification | Non-fiction | Central Library, University of Rajshahi | Central Library, University of Rajshahi | 11/03/1976 | Boighor, Rajshahi. | 18.00 | B 332 ALM 1968 | 07/08/2016 | C-2 | Books | ||||||
| Dewey Decimal Classification | Non-fiction | Central Library, University of Rajshahi | Central Library, University of Rajshahi | 28/05/1995 | N/A | 1 | B 332 ALM 1968 | 15/03/2020 | C-3 | Books | 01/03/2020 | |||||
| Dewey Decimal Classification | Non-fiction | Central Library, University of Rajshahi | Central Library, University of Rajshahi | 01/06/1973 | Bangla Academy, Dhaka. | 8.00 | B 332 ALM 1968 | 29/11/2016 | C-4 | Books | ||||||
| Dewey Decimal Classification | Not For Loan | Non-fiction | Central Library, University of Rajshahi | Central Library, University of Rajshahi | Reading Room | 07/08/1973 | Bangla Academy, Dhaka | 4.00 | B 332 ALM 1968 | 27/12/2016 | C-1 | Books | ||||
| Dewey Decimal Classification | Non-fiction | Central Library, University of Rajshahi | Central Library, University of Rajshahi | 22/02/1988 | World Agency, Dhaka | 33.00 | 1 | B 332 ALM 1978 | 27/04/2019 | C-5 | Books | 08/04/2019 | ||||
| Dewey Decimal Classification | Non-fiction | Central Library, University of Rajshahi | Central Library, University of Rajshahi | General Stacks | 11/03/1967 | Book House | B 332 ALM 1968 | 26/08/2025 | C-6 | Books |